Potencies of some selected vegetables in Bangladesh as boi-herbicide / (Record no. 14539)

MARC details
000 -LEADER
fixed length control field 01012nam a22002537a 4500
001 - CONTROL NUMBER
control field BD-DhSAU#14538
003 - CONTROL NUMBER IDENTIFIER
control field BD-DhSAU
005 - DATE AND TIME OF LATEST TRANSACTION
control field 20190306155326.0
008 - FIXED-LENGTH DATA ELEMENTS--GENERAL INFORMATION
fixed length control field 150613b2011 bg a||||r|||| 000 0 eng d
040 ## - CATALOGING SOURCE
Original cataloging agency BD-DhSAU
082 ## - DEWEY DECIMAL CLASSIFICATION NUMBER
Edition number 22
Classification number 630.2
Item number Is41
100 ## - MAIN ENTRY--PERSONAL NAME
Personal name Md. Kabirul Islam
Relator term Registration No. # 09-03660
245 ## - TITLE STATEMENT
Title Potencies of some selected vegetables in Bangladesh as boi-herbicide /
Remainder of title MS thesis
Statement of responsibility, etc. Islam, Md. Kabirul
260 ## - PUBLICATION, DISTRIBUTION, ETC. (IMPRINT)
Place of publication, distribution, etc. Sher-e- Bangla Agricultural University :
Name of publisher, distributor, etc. Department of Chemistry,
Date of publication, distribution, etc. 2016
300 ## - PHYSICAL DESCRIPTION
Extent x, 57 p. :
Other physical details ill. ;
Dimensions 30 cm.
500 ## - GENERAL NOTE
General note MS thesis of Department of Chemistry, Faculty of Agriculture, Sher-e-Bangla Agricultural University, Dhaka, Bangladesh <br/>
590 ## - Name of Cataloguer
Name of Cataloger roy
650 ## - SUBJECT ADDED ENTRY--TOPICAL TERM
Topical term or geographic name as entry element Chemistry.
650 ## - SUBJECT ADDED ENTRY--TOPICAL TERM
Topical term or geographic name as entry element Boi-herbicide
Geographic subdivision Bangladesh
700 ## - ADDED ENTRY--PERSONAL NAME
Personal name Khan, Md. Sirajul Islam
Relator term Supervisor
700 ## - ADDED ENTRY--PERSONAL NAME
Personal name Razzaque, Md. Abdur
Relator term Co-Supervisor
856 ## - ELECTRONIC LOCATION AND ACCESS
Uniform Resource Identifier <a href="http://archive.saulibrary.edu.bd:8080/xmlui/handle/123456789/2274">http://archive.saulibrary.edu.bd:8080/xmlui/handle/123456789/2274</a>
Link text Online Access
942 ## - ADDED ENTRY ELEMENTS (KOHA)
Source of classification or shelving scheme Dewey Decimal Classification
Koha item type MS Level Thesis
Holdings
Withdrawn status Lost status Source of classification or shelving scheme Damaged status Not for loan Collection code Home library Branch Name Shelving location Date acquired Total Checkouts Full call number Barcode Date last seen Price effective from Koha item type
    Dewey Decimal Classification   Not For Loan Reference SAU Library SAU Library Reference 23/12/2018   630.2 Is41 40882 23/12/2018 23/12/2018 MS Level Thesis